Państwa ukryte na mapie świata – Poszukiwanie skarbów - Statystyki

Ogólne statystyki
  • Ten quiz został rozwiązany 22 razy
  • Średni wynik to 11 z 15
Odpowiedzi na mapie
Odpowiedzi zakodowano w zielono-czerwonej skali na mapie do tego quizu, zgodnie z poniższymi procentami.
 
Statystyki odpowiedzi
Państwo % Poprawnych
Egipt
100%
Hiszpania
83%
Ukraina
83%
Kuba
78%
Senegal
78%
Ekwador
72%
Nigeria
72%
Argentyna
67%
Korea Północna
67%
Mjanma
67%
Tadżykistan
67%
Zimbabwe
67%
Mauritius
56%
Nowa Zelandia
56%
Brunei
50%
Nie znaleziono quizów pasujących do podanych kryteriów
Rozkład punktacji
Procent ludzi z każdym wynikiem
Percentyl według liczby udzielonych odpowiedzi
Twoja historia wyników
Nie rozwiązałeś tego quizu